000 02578nam a2200361Ia 4500
003 CO-CtgCURN
005 20250410172154.0
008 190724s9999 xx 000 0 und d
020 _a9789586916257978-958-691-627-1978-958-691-631-8
040 _aCO-CtgCURN
_bspa
_ccoctgcurn
082 _a372.21
_bR332
110 _aColombia. Ministerio de Educación Nacional
245 0 _aReferentes técnicos para la educación inicial en el marco de la atención integral /
_cMinisterio de Educación Nacional
260 _aBogotá, Colombia :
_bMinisterio de educación Nacional,
_c2014
300 _a11 volúmenes ;
_c30 centímetros
490 _aSerie de Orientaciones Pedagógicas para la educación Inicial en el Marco de la Atención Integral;
_v20-25; 50-54
505 _a N° 20. Sentido de la educación inicial -- N° 21. El arte en la educación inicial -- N° 22. El juego en la educación inicial -- N° 23. La literatura en la educación inicial -- N° 24. La exploracion del medio en la educación inicial -- N° 25. Seguimiento al desarrollo integral de las ninas y los ninos en la educación inicial -- N° 50. Modalidades y condiciónes de calidad para la educación inicial -- N° 51. Orientaciones para el cumplimiento de las condiciónes de calidad en la modalidad institucional de educación inicial -- N° 52. Orientaciones para el cumplimiento de las condiciónes de calidad en la modalidad familiar de educación inicial -- N° 53. Guias técnicas para el cumplimiento de las condiciónes de calidad en las modalidades de educación inicial -- N° 54. Fortalecimiento institucional para las modalidades de educación inicial
521 _aAREA SOCIOHUMANISTICA
590 _aTodos los programas académicos
650 _aEducación preescolar
_yColombia
942 _cBK
_h372.21
_iR332
_2ddc
_n0
999 _c29975
_d29975